Sikeres évet zárt a MARIANUM

Bibliographic Details
Main Authors: Kurcz, Ilona (Author, Interviewer), Madarász, Róbert (Author)
Format: Article
Language:Hungarian
PhysicalDescription:Fotogr.
ISSN:1335-6534
Subjects:

MARC

LEADER 00000nab a2200000 ar4500
001 vtls008840400
003 SK-MaSNL
005 20260318140653.0
008 060809c2006 xo |||||||| 000 b|hun
015 |a SNBRB2006/08  |2 snkbucl 
038 |a SNKBUCL 
040 |a DSZK  |b slo  |c DSZK  |e AACR2  |d SNKBUCL 
041 0 |a hun 
044 |a xo  |c SK 
080 |a 373.3+373.54:257  |x (=511.141)  |x (437.6)  |2 1997 
080 |a 257:282  |x (=511.141)  |x (437.6)  |2 1997 
080 |a 282  |2 1997 
100 1 |a Kurcz, Ilona  |4 ivr  |4 aut  |9 840041 
245 1 0 |a Sikeres évet zárt a MARIANUM  |c Kurcz Ilona, Madarász Róbert 
300 |b Fotogr. 
610 2 7 |a Marianum cirkevná základná škola a gymnázium s vyučovacím jazykom maďarským (Komárno, Slovensko)  |2 snkbucl  |9 1045941 
651 7 |a Komárno (Slovensko)  |2 snkbucl  |9 39168 
655 7 |a rozhovory  |2 snkbucl  |9 31831 
700 1 |a Madarász, Róbert  |4 ive  |4 aut  |9 324948 
773 0 |t Remény  |g Évf. XVII, sz. 30 (2006), o. 5  |x 1335-6534 
852 |a SNK  |b KIS3GCP 
852 |a DSZK  |b KIS3GCP 
958 |a HU 
958 |a SK 
958 |a NT 
999 |c 1898049  |d 1899979